Implementácia modelov poznatkov v ekonomickej praxi a jej automatizácia diplomová práca

Gespeichert in:
Bibliographische Detailangaben
1. Verfasser: Slaninka, Tomáš
Körperschaft: Fakulta hospodárskej informatiky EU. Katedra aplikovanej informatiky
Weitere Verfasser: Krauspe, Kamil
Format: Buch
Sprache:Slowakisch
Veröffentlicht: Bratislava 2012
Tags: Tag hinzufügen
Keine Tags, Fügen Sie das erste Tag hinzu!

MARC

LEADER 00000nbm a2200000 4500
001 0154961
005 20161109102156.6
041 0 |a slo 
044 |a SK 
245 1 0 |a Implementácia modelov poznatkov v ekonomickej praxi a jej automatizácia  |b diplomová práca  |c Tomáš Slaninka ; školiteľ: Kamil Krauspe 
264 1 |a Bratislava  |c 2012 
300 |a 82 s. 
100 1 |a Slaninka, Tomáš 
700 1 |a Krauspe, Kamil 
710 2 |a Fakulta hospodárskej informatiky EU. Katedra aplikovanej informatiky